| 000 | 00472nam a2200133Ia 4500 | ||
|---|---|---|---|
| 008 | 220615s9999||||xx |||||||||||||| ||und|| | ||
| 020 | _a9780260000000 | ||
| 100 | _aReagle, Joseph | ||
| 245 | 0 |
_aGood Faith Collaboration _bThe Culture of Wikipedia |
|
| 546 | _aEnglish[eng] | ||
| 650 | _aLibrary and information services||Information technology: general topics||Impact of science and technology on society | ||
| 856 | _uhttp://mitpress.mit.edu/9780262014472 | ||
| 942 | _cEB | ||
| 999 |
_c17257 _d17257 |
||